000 00417nam a2200181Ia 4500
001 21198
005 20260306172901.0
008 260306t1999||||xx |||||||||||||| ||spa||
041 _aESP
082 _a344.2
_bB12
100 _aBacigalupo, Enrique
_eAUT
245 0 _aDelito y punibilidad
260 _c1999
300 _a240 páginas :
_c23 cm.
650 _aGEN
654 _aCDE
942 _cLIB
_dJUS
_fJUS
_2ddc
_n
999 _c21198
_d21198